[Event "Budapest FS07 GM"]
[Site "Budapest"]
[Date "2007.07.07"]
[Round "1"]
[White "Fogarasi, Tibor"]
[Black "Caruana, Fabiano"]
[Result "0-1"]
[WhiteElo "2425"]
[BlackElo "2549"]
[Annotator "Caruana,F"]
[PlyCount "46"]
[EventDate "2007.07.07"]
[EventType "tourn"]
[EventRounds "9"]
[EventCountry "HUN"]
[EventCategory "8"]
[SourceTitle "CBM 119 Extra"]
[Source "ChessBase"]
[SourceDate "2007.09.04"]
[SourceVersion "1"]
[SourceVersionDate "2007.09.04"]
[SourceQuality "1"]

{First rounds are always very important. This smooth victory paved the way for
4.5 out of the first five rounds. Auftaktrunden sind immer sehr wichtig.
Dieser glatte Sieg war der Wegbereiter zu 4.5 aus den ersten fünf Durchgängen.
} 1. e4 c5 2. Nf3 e6 3. d4 cxd4 4. Nxd4 a6 5. Nc3 Qc7 6. Bd3 Nf6 7. O-O Bc5 8.
Nb3 Ba7 9. Kh1 Nc6 10. Bg5 h5 $5 {An interesting novelty. Previously Black had
tried 10...d6, which offers White an advantage following 11.Bxf6 gxf6 12.Qh5.
Eine interessante Neuerung. Bislang hatte Schwarz 10...d6 versucht, was Weiß
nach 11.Bxf6 gxf6 12.Qh5 Vorteil bietet.} 11. Bxf6 {Possibly this is too
cooperative. The threat of ...Ng4 looks dangerous but can be dealt with with
11.Qd2. Womöglich ist dies zu kooperativ. Die Drohung ...Ng4 sieht gefährlich
aus, lässt sich aber mit 11.Qd2 auffangen.} (11. Qd2 $1 Ng4 12. Bf4 d6 13. h3
Nge5 14. Be3 $5 Bxe3 15. Qxe3 $14) 11... gxf6 12. f4 d6 {[%csl Ga7,Rh1] Black
has a comfortable position (this structure is known from various Rauzer lines),
as the position of White's king is less than ideal, where it will later be
vulnerable to attack. Schwarz hat eine bequeme Stellung (diese Struktur kennt
man aus diversen Rauser-Abspielen), denn der weiße Königs ist keineswegs ideal
platziert und wird dort später zum Angriffsobjekt werden.} 13. Be2 {Clearing
the d-file for an attack against Black's d6-pawn. However, as it turns out
this is easily dealt with. Räumt die d-Linie für einen Angriff gegen den
schwarzen d-Bauern. Doch wie sich herausstellt, lässt sich dies leicht
abfedern.} ({As an alternative the computer offers the strange Als Alternative
offeriert der Computer das seltsame} 13. Qf3 $5 Bd7 (13... h4 14. f5 Ne5 15.
Qf4 Qe7 16. Be2 Bd7 17. fxe6 fxe6 18. Qxf6 Qxf6 19. Rxf6 Ke7 $11 {also looks
sufficient sieht ebenfalls ausreichend aus.}) 14. Qg3 {[%cal Yg3g7] However, I
have a feeling this is too articificial and can be countered with the sharp
Ich aber habe das Gefühl, dass dies zu künstlich ist und mit dem scharfen}
O-O-O 15. Qg7 f5 $1 16. exf5 (16. Qxf7 Rdf8 17. Qg6 h4 $40) 16... h4 $44 {
, when play remains complex but Black seems to have reasonable compensation
for the pawn. gekontert werden kann, wonach das Spiel komplex bleibt, doch
Schwarz ordentliche Kompensation für den Bauern zu haben scheint.}) 13... Bd7
14. Qd2 (14. Bxh5 $2 {is too greedy. After ist zu gierig. Nach} Rh7 $5 {
[%csl Rh1,Rh2,Rh5][%cal Ye8c8,Yd8h8] , followed by ...0-0-0 and ...Rdh8 White
will experience serious problems down the h-file. nebst ...0-0-0 und ...Rdh8
wird Weiß ernste Probleme in der h-Linie haben.}) 14... O-O-O 15. Rad1 Be8 (
15... Bb8 {may have been stronger, but I felt that the bishop should stay on
a7. As further justification I offer the amazing variation mag stärker gewesen
sein, aber ich meinte, dass der Läufer auf a7 bleiben soll. Als weitere
Rechtfertigung biete ich die verblüffende Variante} 16. Na4 $3 h4 (16... Be8
17. Qc3 $1 Rh6 18. f5) (16... Rdg8 17. Rf3 $5) 17. Qxd6 $1 Qxd6 18. Nb6+ Kc7
19. Na8+ Kc8 20. Nb6+ {, with a surprising perpetual! mit einem überraschenden
Dauerschach!}) 16. Rf3 {[%cal Yf3d3,Yd3c3] Now White prepares Rd3 and in some
cases may hope for Nd5 or Nb5, with the rook later coming to c3 (the line-up
Kc8-Qc7 is clearly dangerous in this respect). Although Black can deal with
all these ideas it doesn't appear White has any kind of plan otherwise. Nun
bereitet Weiß Rd3 vor und kann in einigen Fällen auf Nd5 oder Nb5 hoffen,
wonach der Turm später nach c3 kommt (die Aufstellung Kc8-Qc7 ist in dieser
Hinsicht eindeutig gefährlich). Schwarz kann zwar all diesen Ideen begegnen,
doch Weiß scheint ansonsten keinen anderen Plan zu haben.} h4 $1 {This is best.
I keep absolute flexibility with my setup and just play a useful move,
preparing in many variations to play ...h3. Dies ist am besten. Ich wahre in
meinem Aufbau absolute Flexibilität und spiele einfach einen nützlichen Zug,
der in manchen Varianten die Möglichkeit ...h3 eröffnet.} (16... Ne7 17. Rd3) (
{the logical das logische} 16... Kb8 {has a flaw in that after hat den
Nachteil, dass nach} 17. Rd3 {, and Rxd6 Black will not have ...Bb8 to regain
the pawn on f4. und Rxd6 Schwarz am Ende nicht ...Bb8 hat, um den Bauern auf
f4 zurückzugewinnen.}) 17. h3 (17. Rd3 Rg8 $1 {is also very nice for Black. Of
course Rxd6 is out of the question, and there is really no other plausible
idea. ist ebenfalls sehr schön für Schwarz. Rxd6 kommt natürlich nicht in
Frage, und eine andere plausible Idee gibt es eigentlich nicht.} 18. Rxd6 (18.
Bf3 Nb4 19. Rxd6 Rxd6 20. Qxd6 Qxd6 21. Rxd6 Bb8) (18. Bh5 $5) 18... Qxd6 19.
Qxd6 Rxd6 20. Rxd6 Bb8 21. Rd1 Bxf4 $17) 17... Rg8 18. Qe1 $2 {This seems like
an error, as in return for the h4-pawn Black will get an enormous initiative.
However, it is diifficult to find an alternative. Dies scheint ein Fehler zu
sein, denn als Ersatz für den h4-Bauern wird Schwarz eine enorme Initiative
bekommen. Allerdings fällt es schwer, eine Alternative zu finden.} (18. Nd5
exd5 19. exd5 Bc5 $3 {(this move took me a long time to find, and grants Black
a clear advantage) (ich brauchte lange, um diesen Zug zu finden, und er
sichert Schwarz klaren Vorteil)} (19... Kb8 20. Rc3 Qb6 21. dxc6 Bxc6 22. Bf3
$13) (19... Ne7 20. Rc3 Bc5 21. Nxc5 dxc5 22. d6) 20. Rc3 (20. dxc6 Bxc6 21.
Nd4 Bxf3 22. Bxf3 d5 $17) 20... Kb8 $1 21. Nxc5 (21. dxc6 Bb4 $1 22. cxb7 Bxc3
23. bxc3 Bc6 24. Bf1 Bxb7 $17) (21. Bf3 Na7) 21... dxc5 22. Rxc5 Rg3 $5 $17) (
18. Rd3 $1 {is without a doubt best, when Black retains an advantage but it is
manageable. ist zweifellos am besten, wonach Schwarz im Vorteil bleibt, der
allerdings auszuhalten ist.} Ne7 (18... Nb4 19. Nd5 $1 exd5 20. Qxb4 dxe4 21.
Qxe4 Bc6 22. Qf5+ Kb8 23. Bf3 $11)) 18... Ne7 $1 {[%csl Re4,Rf3,Rg2,Rh1][%cal
Yf6f5,Ye8c6] Again, this is best. If White accepts the pawn on h4, his
position will be close to ruins after 19...f5. Erneut ist dies am besten. Wenn
Weiß den Bauern auf h4 nimmt, wird seine Stellung nach 19...f5 kurz vor dem
Zusammenbruch stehen.} 19. f5 {This seems like the most accurate defense.
White stops ...f5, but a timely ...d5 will open the centre to reveal the power
of Black's bishops. It is important to note that after ...d5, there is the
possibility of ...Bb8 (threatening mate on h2), although immediately White can
defend with Qg1. Offenbar die genaueste Verteidigung. Weiß stoppt ...f5, doch
ein gut getimtes ...d5 wird das Zentrum öffnen und die Kraft der schwarzen
Läufer enthüllen. Wichtig ist die Feststellung, dass es nach ...d5 die
Möglichkeit ...Bb8 gibt (mit Mattdrohung auf h2), wenngleich Weiß dies
unmittelbar noch mit Qg1 abwehren kann.} (19. Qxh4 f5 20. Bd3 (20. exf5 $2 Nxf5
21. Qe1 Bc6 $19) (20. Qe1 Bc6 21. Bd3 Kb8 $5 $19) (20. Qh7 $5 Kb8 $1 21. exf5 (
21. Bd3 f6 $1) 21... Bc6 22. Qxf7 Nxf5 23. Qxc7+ (23. Qxe6 Nh4 $19) 23... Kxc7
24. Na5 Bxf3 25. Bxf3 d5 $17) 20... fxe4 21. Nxe4 (21. Bxe4 f5 22. Bd3 Bc6 $19)
21... Bc6 22. Na5 $1 Qxa5 23. Qxe7 Qh5 $40 {with an ongoing attack. White is
on the verge of losing in most lines, so it is no surprise my opponent opted
for 19.f5. mit anhaltendem Angriff. Weiß wandelt in den meisten Abspielen am
Rande des Verlustes, daher ist es keine Überraschung, dass mein Gegner 19.f5
wählte.} 24. Nf6 $2 Qxf3 $1 25. gxf3 Bxf3+ 26. Kh2 Rg2+ 27. Kh1 Re2#) 19... Bc6
(19... d5 $5 {is another dangerous possibility, but since I couldn't fully
work out these lines I opted for the safer 19...Bc6. ist eine weitere
gefährliche Möglichkeit, doch da ich diese Abspiele nicht vollständig
berechnen konnte, wählte ich lieber die sicherere Textfortsetzung.} 20. fxe6
fxe6 (20... Bb8 21. Qg1) (20... d4 21. Nd5 $1 Nxd5 22. exd5 Rxd5 23. Rxf6 $13)
21. exd5 Nf5 $36 {[%csl Ga7,Gc7,Gf5,Gg8,Rh1][%cal Yf5g3]}) 20. Nd4 {This is
the only move, threatening to trade Black's dangerous light-squared bishop.
Dies ist der einzige Zug, mit der Drohung, den gefährlichen weißfeldrigen
Läufer von Schwarz zu tauschen.} (20. fxe6 fxe6 21. Rxf6 {was the other
possibility, but it fails:} Nf5 $1 22. Bg4 (22. exf5 $2 Bxg2+ 23. Kh2 d5+) (22.
Rxe6 $2 Ng3+ 23. Kh2 Qf7 $19) 22... Ng3+ 23. Kh2 Rxg4 $1 24. hxg4 Qg7 25. Rxe6
(25. Rf3 Rg8 $19) (25. g5 Qxg5) 25... Qxg4 26. Rf6 Qg5 $1 $19) 20... Bxd4 21.
Rxd4 d5 $1 (21... e5 $2 {was of course very tempting, as 22.Rd2 d5 is very
nice for Black. However, after a few minutes thought I found a surprising
refutation: war natürlich sehr verlockend, denn 22.Rd2 d5 ist sehr schön für
Schwarz. Doch nach ein paar Minuten fand ich eine überraschende Widerlegung:}
22. Rc4 $3 (22. Rd2 $2 d5) 22... b5 (22... d5 23. Nxd5 Nxd5 24. exd5 Rxd5 25.
Rfc3 $16) (22... Kb8 23. Nd5) 23. Rxc6 $1 Qxc6 (23... Nxc6 24. Nd5 Qa5 25. b4
$18) 24. Nxb5 Kb8 25. Rb3 $1 axb5 (25... Ka8 26. Qa5) 26. Bxb5 Qc7 27. Bc4+ Kc8
28. Ba6+ Kd7 29. Rb7 Qxb7 30. Bxb7 $18) 22. exd5 Nxd5 23. Rc4 $2 {The decisive
mistake but already it is difficult to find a defense. Der entscheidende
Fehler, aber eine Verteidigung ist bereits schwer zu finden.} (23. fxe6 fxe6
24. Bf1 $5 (24. Bc4 {is White's best chance by far: ist bei weitem die beste
Chance für Weiß:} Rxg2 $3 25. Kxg2 Nf4+ 26. Rdxf4 Qxf4 27. Qxe6+ (27. Bxe6+ Kb8
28. Nd5 Qg5+ 29. Kf2 Bxd5 30. Bxd5 Qxd5 $17) 27... Kb8 28. Bd5 $1 Qd2+ 29. Rf2
Qg5+ $1 30. Qg4 (30. Kf1 Bxd5 31. Nxd5 Rxd5 $19) 30... Bxd5+ 31. Nxd5 Qxd5+ 32.
Kh2 Qe5+ 33. Qf4 Qxf4+ 34. Rxf4 Rd2+ 35. Kg1 Rxc2 36. b4 Rxa2 37. Rxh4 $17) (
24. Nxd5 Bxd5 25. Rxd5 (25. Qxh4 Qe5 $1 $19) 25... Rxd5 26. Rc3 Rc5 27. Rxc5 (
27. Bxa6 $5 Re8 $1) 27... Qxc5 28. Bf3 Qe5 29. Qxh4 Rd8 $17) 24... Kb8 $1 $36
25. Qxe6 Qe5 $3 {( a key move, leading to a forced win!) (ein Schlüsselzug,
der zu einem forcierten Gewinn führt!)} 26. Qxe5+ (26. Re4 Qxe6 27. Rxe6 Nxc3
28. Rxc6 bxc6 29. bxc3 Rd1 $19) 26... fxe5 27. Rd2 Nxc3 $1 28. Rxd8+ Rxd8 29.
Rxc3 Rd1 30. Kg1 Bb5 31. Rf3 e4 $19) 23... Rxg2 $1 {This elegant move finishes
the game. After 24.Kxg2 Ne3+ White will lose one rook and then another, while
24.Rxc6 Rh2+ is equally desolate. Dieser elegante Zug beendet die Partie. Nach
24.Kxg2 Ne3+ verliert Weiß zunächst den einen Turm und dann den anderen,
während 24.Rxc6 Rh2+ gleichermaßen desolat ist.} (23... Rxg2 24. Kxg2 (24. Rxc6
Rh2+ 25. Kg1 Rg8+ 26. Kf1 Qxc6 $19) 24... Ne3+ 25. Kf2 Nxc4 26. Bxc4 Qh2+ $19)
0-1

[Event "Budapest FS07 GM"]
[Site "Budapest"]
[Date "2007.07.10"]
[Round "4"]
[White "Caruana, Fabiano"]
[Black "Smerdon, David"]
[Result "1/2-1/2"]
[WhiteElo "2549"]
[BlackElo "2461"]
[PlyCount "39"]
[EventDate "2007.07.07"]
[EventType "tourn"]
[EventRounds "9"]
[EventCountry "HUN"]
[EventCategory "8"]
[SourceTitle "CBM 119 Extra"]
[Source "ChessBase"]
[SourceDate "2007.09.04"]
[SourceVersion "1"]
[SourceVersionDate "2007.09.04"]
[SourceQuality "1"]

1. e4 c5 2. Nf3 d6 3. d4 cxd4 4. Nxd4 Nf6 5. Nc3 g6 6. Be3 Bg7 7. f3 O-O 8. Qd2
Nc6 9. O-O-O d5 10. Kb1 Rb8 11. Ndb5 a6 12. Na7 e6 13. exd5 exd5 14. Nxc8 Rxc8
15. Nxd5 Nxd5 16. Qxd5 Qxd5 17. Rxd5 Nb4 18. Rc5 Rce8 19. Bd2 Rd8 20. Bd3
1/2-1/2

[Event "Budapest FS07 GM"]
[Site "Budapest"]
[Date "2007.07.15"]
[Round "9"]
[White "Caruana, Fabiano"]
[Black "Bui, Vinh"]
[Result "1-0"]
[WhiteElo "2549"]
[BlackElo "2466"]
[PlyCount "119"]
[EventDate "2007.07.07"]
[EventType "tourn"]
[EventRounds "9"]
[EventCountry "HUN"]
[EventCategory "8"]
[SourceTitle "CBM 119 Extra"]
[Source "ChessBase"]
[SourceDate "2007.09.04"]
[SourceVersion "1"]
[SourceVersionDate "2007.09.04"]
[SourceQuality "1"]

1. e4 c5 2. Nf3 d6 3. d4 cxd4 4. Nxd4 Nf6 5. Nc3 Nc6 6. Bg5 Bd7 7. Qd2 Nxd4 8.
Qxd4 Qa5 9. f4 Rc8 10. e5 dxe5 11. fxe5 e6 12. O-O-O Bc6 13. Nb5 Bxb5 14. exf6
g6 15. Qe5 a6 16. Bxb5+ axb5 17. Rd3 Bc5 18. Kb1 O-O 19. Be3 Qb6 20. Bxc5 Rxc5
21. Qe3 e5 22. Rd5 Rc6 23. Qxb6 Rxb6 24. Rxe5 h5 25. Rf1 Rd8 26. a3 b4 27. axb4
Rxb4 28. Rfe1 Rd6 29. Re8+ Kh7 30. Rf1 g5 31. Rf8 Kg6 32. Rg8+ Kh6 33. Rg7 Rd7
34. Re1 Rb6 35. Re5 Rxf6 36. Rgxg5 Rf2 37. Rxh5+ Kg6 38. Rhg5+ Kf6 39. Rd5 Re7
40. Rg3 Re1+ 41. Ka2 Rxc2 42. Rd6+ Re6 43. Rxe6+ Kxe6 44. Kb3 Rc7 45. Re3+ Kf5
46. Re2 f6 47. Kb4 Rh7 48. g3 Kg4 49. Rf2 f5 50. Kc5 Rh6 51. b4 Rc6+ 52. Kd5
Rc1 53. Rf4+ Kg5 54. Rc4 Rh1 55. Rc2 Kg4 56. b5 Kh3 57. Kd6 Rb1 58. Kc5 Rh1 59.
Rf2 Rxh2 60. Rxf5 1-0

[Event "Trieste op 09th"]
[Site "Trieste"]
[Date "2007.09.02"]
[Round "2"]
[White "Mazi, Leon"]
[Black "Caruana, Fabiano"]
[Result "1/2-1/2"]
[WhiteElo "2352"]
[BlackElo "2549"]
[PlyCount "92"]
[EventDate "2007.09.01"]
[EventType "swiss"]
[EventRounds "9"]
[EventCountry "ITA"]
[SourceTitle "CBM 120 Extra"]
[Source "ChessBase"]
[SourceDate "2007.11.01"]
[SourceVersion "1"]
[SourceVersionDate "2007.11.01"]
[SourceQuality "1"]

1. e4 e6 2. d3 d5 3. Nd2 Nf6 4. Ngf3 Nc6 5. c3 Bd6 6. g3 O-O 7. Bg2 e5 8. exd5
Nxd5 9. O-O h6 10. Re1 Re8 11. Nc4 Nb6 12. Nxd6 Qxd6 13. Nh4 g5 14. Nf3 Bf5 15.
h4 f6 16. Nh2 Bxd3 17. Be3 Bg6 18. Qb3+ Kg7 19. Rad1 Qe7 20. hxg5 hxg5 21. Nf1
Rad8 22. Bc1 Rxd1 23. Qxd1 Rd8 24. Qe2 Nd7 25. g4 Nc5 26. Ng3 Nd3 27. Rd1 Nf4
28. Bxf4 Rxd1+ 29. Qxd1 exf4 30. Nf5+ Bxf5 31. gxf5 Qd8 32. Qb3 Ne5 33. Bxb7 c6
34. Ba6 g4 35. Qc2 Qh8 36. Be2 Kh6 37. Qa4 Kg5 38. Qxa7 Kxf5 39. Bd1 Kg5 40. a4
Kh4 41. Qd4 Qh6 42. Qe4 f3 43. Bc2 Ng6 44. Qxg6 Qc1+ 45. Kh2 Qf4+ 46. Kg1 Qc1+
1/2-1/2

[Event "Trieste op 09th"]
[Site "Trieste"]
[Date "2007.09.02"]
[Round "3"]
[White "Caruana, Fabiano"]
[Black "Barletta, Mauro"]
[Result "1-0"]
[WhiteElo "2549"]
[BlackElo "2257"]
[PlyCount "99"]
[EventDate "2007.09.01"]
[EventType "swiss"]
[EventRounds "9"]
[EventCountry "ITA"]
[SourceTitle "CBM 120 Extra"]
[Source "ChessBase"]
[SourceDate "2007.11.01"]
[SourceVersion "1"]
[SourceVersionDate "2007.11.01"]
[SourceQuality "1"]

1. e4 e5 2. Nf3 Nf6 3. Nxe5 d6 4. Nf3 Nxe4 5. d4 d5 6. Bd3 Bd6 7. O-O O-O 8. c4
c6 9. Qc2 Na6 10. a3 f5 11. Nc3 Nc7 12. b4 Kh8 13. c5 Be7 14. Ne5 Ne6 15. Ne2
Bf6 16. Bb2 Qe8 17. f3 N4g5 18. Rae1 g6 19. Nc1 Nf7 20. f4 Nxe5 21. dxe5 Bg7
22. Nb3 Bd7 23. a4 Qe7 24. Bc1 Rab8 25. Be3 Rf7 26. Qf2 Rbf8 27. Nd4 Nxd4 28.
Bxd4 Be6 29. b5 g5 30. a5 Bh6 31. Rb1 gxf4 32. a6 cxb5 33. axb7 Qxb7 34. Rxb5
Qc6 35. Ra5 Rb8 36. Ra6 Qc8 37. Rd6 Rb3 38. Qh4 Rxd3 39. Rd8+ Qxd8 40. Qxd8+
Rf8 41. Qe7 Rxd4 42. Qxe6 Bg5 43. c6 f3 44. Rxf3 Rd1+ 45. Kf2 Rd2+ 46. Kg3 Rg8
47. Kh3 Rd4 48. g3 Rg6 49. Qc8+ Kg7 50. Qd7+ 1-0

[Event "Trieste op 09th"]
[Site "Trieste"]
[Date "2007.09.03"]
[Round "4"]
[White "Caruana, Fabiano"]
[Black "Stock, Lara"]
[Result "1-0"]
[WhiteElo "2549"]
[BlackElo "2297"]
[PlyCount "55"]
[EventDate "2007.09.01"]
[EventType "swiss"]
[EventRounds "9"]
[EventCountry "ITA"]
[SourceTitle "CBM 120 Extra"]
[Source "ChessBase"]
[SourceDate "2007.11.01"]
[SourceVersion "1"]
[SourceVersionDate "2007.11.01"]
[SourceQuality "1"]

1. e4 e5 2. Nf3 Nc6 3. Bb5 Nf6 4. d3 Bc5 5. c3 O-O 6. O-O d6 7. Bg5 Qe7 8. Nbd2
h6 9. Bh4 Bd7 10. Re1 a6 11. Ba4 Ba7 12. Nf1 Rfe8 13. Ne3 Bxe3 14. Rxe3 Rad8
15. h3 Kh8 16. Re1 Kg8 17. Bc2 g5 18. Nxg5 hxg5 19. Bxg5 Kh8 20. Qf3 Kg7 21.
Re3 Rg8 22. Qg3 Kf8 23. Rf3 Rg6 24. d4 Kg7 25. Rxf6 Rxf6 26. d5 Nd4 27. Bxf6+
Kxf6 28. Qh4+ 1-0

[Event "Trieste op 09th"]
[Site "Trieste"]
[Date "2007.09.04"]
[Round "5"]
[White "Tiviakov, Sergei"]
[Black "Caruana, Fabiano"]
[Result "1-0"]
[WhiteElo "2648"]
[BlackElo "2549"]
[PlyCount "71"]
[EventDate "2007.09.01"]
[EventType "swiss"]
[EventRounds "9"]
[EventCountry "ITA"]
[SourceTitle "CBM 120 Extra"]
[Source "ChessBase"]
[SourceDate "2007.11.01"]
[SourceVersion "1"]
[SourceVersionDate "2007.11.01"]
[SourceQuality "1"]

1. e4 e6 2. d4 d5 3. Nd2 c5 4. exd5 Qxd5 5. Ngf3 cxd4 6. Bc4 Qd6 7. O-O Nf6 8.
Nb3 Nc6 9. Nbxd4 Nxd4 10. Nxd4 a6 11. c3 Qc7 12. Bb3 Bd6 13. h3 O-O 14. Bg5 Bf4
15. Bxf6 gxf6 16. Qh5 b6 17. Ne2 Kh8 18. Rad1 Bb7 19. Bc2 f5 20. Nxf4 Qxf4 21.
Rd7 Be4 22. Bxe4 fxe4 23. g3 Qf5 24. Qxf5 exf5 25. Rfd1 Rae8 26. R1d5 f4 27.
gxf4 b5 28. Kf1 e3 29. Re5 Rxe5 30. fxe5 exf2 31. Kxf2 Re8 32. Rd6 Rxe5 33.
Rxa6 Kg7 34. a4 bxa4 35. Rxa4 Kf6 36. Rd4 1-0

[Event "Trieste op 09th"]
[Site "Trieste"]
[Date "2007.09.08"]
[Round "9"]
[White "Caruana, Fabiano"]
[Black "Bagaturov, Giorgi"]
[Result "1/2-1/2"]
[WhiteElo "2549"]
[BlackElo "2474"]
[PlyCount "99"]
[EventDate "2007.09.01"]
[EventType "swiss"]
[EventRounds "9"]
[EventCountry "ITA"]
[SourceTitle "CBM 120 Extra"]
[Source "ChessBase"]
[SourceDate "2007.11.01"]
[SourceVersion "1"]
[SourceVersionDate "2007.11.01"]
[SourceQuality "1"]

1. e4 c5 2. Nf3 d6 3. d4 cxd4 4. Nxd4 Nf6 5. Nc3 Nc6 6. Bg5 e6 7. Qd2 a6 8.
O-O-O Bd7 9. f4 h6 10. Bh4 g5 11. fxg5 Ng4 12. Be2 Nge5 13. Nf3 Be7 14. Rhg1 b5
15. Rdf1 b4 16. Nd1 Qa5 17. Kb1 b3 18. axb3 Qxd2 19. Nxd2 Nd4 20. Nc3 Bxg5 21.
Bxg5 hxg5 22. h3 Ke7 23. Rf2 Nxe2 24. Rxe2 g4 25. hxg4 Rhg8 26. Rd1 Rxg4 27.
Nc4 Rag8 28. Red2 Nxc4 29. bxc4 Bc6 30. Rxd6 Bxe4 31. Nxe4 Rxe4 32. Rxa6 Rxc4
33. Ra7+ Kf6 34. Rd2 Rcg4 35. Rf2+ Ke5 36. Raxf7 Rxg2 37. Rxg2 Rxg2 38. Rf1 Kd5
39. Rd1+ Kc5 40. Re1 Kd5 41. Rd1+ Kc5 42. b3 e5 43. Kb2 e4 44. Rd8 Rh2 45. Kc3
Rh3+ 46. Kd2 Rg3 47. Rc8+ Kd4 48. Rd8+ Kc5 49. Rc8+ Kd4 50. Rd8+ 1/2-1/2

[Event "Winterthur op"]
[Site "Winterthur"]
[Date "2007.10.06"]
[Round "2"]
[White "Eschmann, Patrick"]
[Black "Caruana, Fabiano"]
[Result "0-1"]
[WhiteElo "2191"]
[BlackElo "2594"]
[PlyCount "102"]
[EventDate "2007.10.05"]
[EventType "swiss"]
[EventRounds "9"]
[EventCountry "SUI"]
[SourceTitle "CBM 120 Extra"]
[Source "ChessBase"]
[SourceDate "2007.11.01"]
[SourceVersion "1"]
[SourceVersionDate "2007.11.01"]
[SourceQuality "1"]

1. e4 c5 2. Nf3 e6 3. c3 Nf6 4. e5 Nd5 5. Bc4 d6 6. d4 cxd4 7. cxd4 Nc6 8. O-O
Be7 9. Re1 O-O 10. Nc3 Nxc3 11. bxc3 dxe5 12. Nxe5 Nxe5 13. Rxe5 Qc7 14. Qd3
Bd7 15. Bd2 Rac8 16. Bb3 Bf6 17. Rh5 g6 18. Re1 b5 19. Re3 b4 20. Rc5 Qd6 21.
cxb4 Bxd4 22. Rxc8 Rxc8 23. h4 Be8 24. Rf3 Bc6 25. Qa6 Rd8 26. Bf4 Qd7 27. Rg3
Bb5 28. Qa5 Bb6 29. Qa3 Qd4 30. Be3 Qxh4 31. Bxb6 axb6 32. Qa7 Rc8 33. Rh3 Qf4
34. Rg3 Qd6 35. Qb7 Rc7 36. Qe4 Kg7 37. Qe3 h5 38. Rg5 Bd7 39. g3 Kf8 40. Re5
Kg7 41. Re4 b5 42. Rd4 Rc1+ 43. Kg2 Bc6+ 44. f3 Qc7 45. Rf4 Bd5 46. Qd4+ e5 47.
Qxd5 exf4 48. Qxb5 Qa7 49. Qe5+ f6 50. Qxf4 Qg1+ 51. Kh3 Qh1# 0-1

[Event "Winterthur op"]
[Site "Winterthur"]
[Date "2007.10.12"]
[Round "8"]
[White "Kuhn, Thomas"]
[Black "Caruana, Fabiano"]
[Result "0-1"]
[WhiteElo "2180"]
[BlackElo "2594"]
[PlyCount "38"]
[EventDate "2007.10.05"]
[EventType "swiss"]
[EventRounds "9"]
[EventCountry "SUI"]
[SourceTitle "CBM 120 Extra"]
[Source "ChessBase"]
[SourceDate "2007.11.01"]
[SourceVersion "1"]
[SourceVersionDate "2007.11.01"]
[SourceQuality "1"]

1. d4 e6 2. Nf3 c5 3. c3 d5 4. Bg5 f6 5. Bf4 Nc6 6. e3 Nge7 7. Bd3 g5 8. Bxg5
fxg5 9. Nxg5 Qb6 10. Qh5+ Kd7 11. b4 cxd4 12. exd4 Nxb4 13. cxb4 Qxd4 14. Bb5+
Kc7 15. O-O Qxa1 16. Qe8 Nc6 17. Nf7 Rg8 18. Rc1 Qb2 19. Rf1 Qg7 0-1

[Event "Cap d'Agde CCAS Trophee KO"]
[Site "Cap d'Agde"]
[Date "2008.10.29"]
[Round "1.3"]
[White "Karpov, Anatoly"]
[Black "Caruana, Fabiano"]
[Result "1/2-1/2"]
[WhiteElo "2651"]
[BlackElo "2640"]
[PlyCount "58"]
[EventDate "2008.10.29"]
[EventType "k.o. (rapid)"]
[EventRounds "3"]
[EventCountry "FRA"]
[SourceTitle "EXT 2009"]
[Source "ChessBase"]
[SourceDate "2008.11.26"]
[SourceVersion "1"]
[SourceVersionDate "2008.11.26"]
[SourceQuality "1"]

1. d4 d5 2. c4 c6 3. Nf3 Nf6 4. e3 Bf5 5. Nc3 e6 6. Nh4 Be4 7. f3 Bg6 8. Qb3
Qc7 9. Bd2 Be7 10. O-O-O a6 11. Nxg6 hxg6 12. Kb1 dxc4 13. Bxc4 b5 14. Bd3 c5
15. dxc5 Nbd7 16. Ne4 Nxe4 17. Bxe4 Nxc5 18. Qc3 Bf6 19. Qc2 Rc8 20. Rc1 O-O
21. Bb4 Qe5 22. Bc3 Qd6 23. Bb4 Qe5 24. Bc3 Qb8 25. Bxf6 gxf6 26. Bxg6 Nd7 27.
Qe4 fxg6 28. Qxg6+ Kh8 29. Qg8+ Kxg8 1/2-1/2